000 00626nam a2200181Ia 4500
008 100921s9999 xx 000 0 und d
082 _b11745
_a891.462 थ 69
100 _aदारव्हेकर पुरूषोत्तम.
245 _aअबोल झाली सतार.
260 _bशिरीष प्रकाशन, मुंबई.
_c1969
300 _a128
_b---
365 _b5
520 _aललित-नाटके.
630 _aअबोल झाली सतार.
650 _aललित-नाटके.
730 _aअबोल झाली सतार.
942 _cBOOK
999 _c760858
_d760855